Chàng Lía từ góc nhìn văn hóa dân gian

Xoay quanh cuộc đời của Lía, một nông dân Bình Định đứng lên chống áp bức đầu thế kỷ XVII, mở màn cho phong trào nông dân khởi nghĩa ở xứ Đàng Trong. Tiếp cận chàng Lía từ góc nhìn văn hóa dân gian, quyển sách giúp chúng ta hiểu rõ hơn Lí...

Deskribapen osoa

Gorde:
Xehetasun bibliografikoak
Egile nagusia: Trần, Thị Huyền Trang
Formatua: Liburua
Hizkuntza:Undetermined
Argitaratua: Hà Nội Văn hóa Thông tin 2014
Gaiak:
Etiketak: Etiketa erantsi
Etiketarik gabe, Izan zaitez lehena erregistro honi etiketa jartzen!
Thư viện lưu trữ: Trung tâm Học liệu Trường Đại học Cần Thơ
LEADER 01086nam a2200205Ia 4500
001 CTU_210523
008 210402s9999 xx 000 0 und d
082 |a 398.09597 
082 |b Tr106 
100 |a Trần, Thị Huyền Trang 
245 0 |a Chàng Lía từ góc nhìn văn hóa dân gian 
245 0 |c Trần Thị Huyền Trang 
260 |a Hà Nội 
260 |b Văn hóa Thông tin 
260 |c 2014 
520 |a Xoay quanh cuộc đời của Lía, một nông dân Bình Định đứng lên chống áp bức đầu thế kỷ XVII, mở màn cho phong trào nông dân khởi nghĩa ở xứ Đàng Trong. Tiếp cận chàng Lía từ góc nhìn văn hóa dân gian, quyển sách giúp chúng ta hiểu rõ hơn Lía, một nhân vật văn hóa dân gian đầy sức hấp dẫn. 
650 |a Folklore,Văn hóa dân gian 
650 |z Vietnam,Việt Nam 
904 |i Lư Phạm Mỹ Dung,Hải 
980 |a Trung tâm Học liệu Trường Đại học Cần Thơ